000 00436nam a2200157 4500
001 143198
003 ES-MaACL
005 20230906200741.0
007 t|
008 070214s1971 sp r ||||1| spa d
100 1 _aSerrano, Luciano.
_9105704
245 1 0 _aEspaña en Lepanto /
_cR. P. Luciano Serrano.
260 _aMadrid :
_bEd. Nacional,
_c1971 (
_fHéroes)
300 _a278 p. ;
_c20 cm.
852 _aES-MaACL
_jC-49033
_bR.78796
999 _c143198
_d143198